Política neoliberal, desempleo y psicología social /
שמור ב:
| מחבר ראשי: | |
|---|---|
| פורמט: | Texto |
| נושאים: | |
| תגים: |
הוספת תג
אין תגיות, היה/י הראשונ/ה לתייג את הרשומה!
|
MARC
| LEADER | 00000 a a2200000 04500 | ||
|---|---|---|---|
| 001 | 45908 | ||
| 003 | |||
| 040 | |||
| 100 | |a Rueda Peiro, Isabel | ||
| 245 | |a Política neoliberal, desempleo y psicología social / |c Isabel Rueda Peiro | ||
| 650 | |a NEOLIBERALISMO | ||
| 650 | |a DESEMPLEO | ||
| 650 | |a PSICOLOGIA SOCIAL | ||
| 773 | |g número75 (1994), páginas 22-26 | ||
| 999 | |c 36471 |d 36471 | ||
